00387nam a2200121Ia 4500008004100000082001800041100002500059245004500084260004000129365000600169630004500175730004500220100415s9999 xx 000 0 und d b6991a591.508 aBROWN, MARGARET WISE aThe Sleepy Little Lion: (OVERSIZED BOOK) aNEW YORKc1947bHARPER AND BROTHERS b0 aThe Sleepy Little Lion: (OVERSIZED BOOK) aThe Sleepy Little Lion: (OVERSIZED BOOK)